[Event "Paracin op-A 18th"]
[Site "Paracin"]
[Date "2025.07.08"]
[Round "5"]
[White "Rohit, S3."]
[Black "Veljanoski, Andrej"]
[Result "1-0"]
[WhiteElo "2215"]
[BlackElo "2299"]
[PlyCount "105"]
[EventDate "2025.07.04"]
[EventType "swiss"]
[EventRounds "9"]
[EventCountry "SRB"]
[SourceTitle "CB29_2025"]
[SourceDate "2025.07.16"]
[SourceVersion "1"]
[SourceVersionDate "2025.07.16"]
[SourceQuality "1"]

1. e4 e5 2. Nf3 Nc6 3. Bb5 a6 4. Ba4 Nf6 5. 0-0 Nxe4 6. d4 b5 7. Bb3 d5 8. dxe5 Be6 9. Qe2 Nc5 10. Nbd2 Be7 11. c3 d4 12. Bxe6 fxe6 13. cxd4 Nxd4 14. Nxd4 Qxd4 15. Qh5+ g6 16. Qh6 Bf8 17. Qh3 Qxe5 18. Qf3 Rd8 19. Nb3 Bd6 20. g3 Qd5 21. Qc3 0-0 22. Bh6 Rf7 23. Rad1 Ne4 24. Qe3 Qh5 25. Qxe4 Qxh6 26. Nc5 Re8 27. Qc6 Qf8 28. Ne4 Ra8 29. Nxd6 cxd6 30. Rxd6 Re7 31. Rxe6 Qe8 32. Qxe8+ Rexe8 33. Rfe1 Red8 34. R1e2 Rd7 35. Rb6 Kf7 36. Kg2 Raa7 37. h4 Rd5 38. a3 Rc5 39. b4 Rd5 40. Re3 Rdd7 41. Rc3 Rd8 42. Rcc6 Rd3 43. Rxa6 Rxa3 44. Rxa7+ Rxa7 45. Rb6 Ra3 46. Rxb5 h5 47. Rg5 Rb3 48. b5 Kf6 49. f4 Kf7 50. Kf2 Kf6 51. Ke2 Kf7 52. Kd2 Kf6 53. Kc2 1-0

[Event "Skopje op-A"]
[Site "Skopje"]
[Date "2024.12.11"]
[Round "1"]
[White "Veljanoski, Andrej"]
[Black "Karaivanova, Petya F"]
[Result "1/2-1/2"]
[WhiteElo "2304"]
[BlackElo "1939"]
[PlyCount "69"]
[EventDate "2024.12.11"]
[EventType "swiss"]
[EventRounds "9"]
[EventCountry "MKD"]
[SourceTitle "CB52_2024"]
[SourceDate "2024.12.25"]
[SourceVersion "1"]
[SourceVersionDate "2024.12.25"]
[SourceQuality "1"]

1. c4 e6 2. Nf3 Nf6 3. g3 d5 4. Bg2 dxc4 5. Qa4+ Nbd7 6. Qxc4 c5 7. 0-0 b6 8. b3 Bb7 9. Bb2 Be7 10. Nc3 Rc8 11. e4 0-0 12. e5 Nd5 13. d3 Qc7 14. Qg4 Nxc3 15. Bxc3 Bxf3 16. Qxf3 Nxe5 17. Qe4 Bf6 18. Rac1 Nd7 19. Bd2 Bd4 20. Kh1 Nf6 21. Qe2 Qd7 22. h4 Rfd8 23. h5 Bb2 24. Rc2 Ba3 25. Be4 Nxe4 26. dxe4 Qd3 27. Qxd3 Rxd3 28. Be3 Rcd8 29. Kg2 Bb4 30. Rfc1 Bd2 31. Bxd2 Rxd2 32. Rxd2 Rxd2 33. b4 Rxa2 34. bxc5 bxc5 35. Rxc5 1/2-1/2

[Event "EU-ch Blitz"]
[Site "Skopje"]
[Date "2024.12.09"]
[Round "12"]
[White "Veljanoski, Andrej"]
[Black "Cvitan, Ognjen"]
[Result "1/2-1/2"]
[WhiteElo "2304"]
[BlackElo "2413"]
[PlyCount "64"]
[EventDate "2024.12.09"]
[EventType "swiss (blitz)"]
[EventRounds "13"]
[EventCountry "MKD"]
[SourceTitle "CB50_2024"]
[SourceDate "2024.11.01"]
[SourceVersion "1"]
[SourceVersionDate "2024.11.01"]
[SourceQuality "2"]

1. e4 c5 2. Nf3 Nc6 3. d4 cxd4 4. Nxd4 e5 5. Nb5 d6 6. N1c3 a6 7. Na3 Be7 8. Nc4 b5 9. Ne3 Nf6 10. Bd3 0-0 11. 0-0 Nb4 12. a4 Nxd3 13. Qxd3 Bb7 14. Ncd5 Nxd5 15. Nxd5 Bxd5 16. Qxd5 b4 17. Bd2 a5 18. c3 bxc3 19. Bxc3 Qb6 20. Kh1 Rfc8 21. f4 Bf6 22. Rad1 Qc6 23. fxe5 dxe5 24. Bxe5 Qxd5 25. Rxd5 Bxe5 26. Rxe5 Re8 27. Rff5 g6 28. Rxe8+ Rxe8 29. Rxa5 Rxe4 30. h3 Rb4 31. Rb5 Rxa4 32. Kh2 h5 1/2-1/2

[Event "EU-ch Blitz"]
[Site "Skopje"]
[Date "2024.12.09"]
[Round "8"]
[White "Veljanoski, Andrej"]
[Black "Kadric, Denis"]
[Result "0-1"]
[WhiteElo "2304"]
[BlackElo "2544"]
[PlyCount "93"]
[EventDate "2024.12.09"]
[EventType "swiss (blitz)"]
[EventRounds "13"]
[EventCountry "MKD"]
[SourceTitle "CB50_2024"]
[SourceDate "2024.11.01"]
[SourceVersion "1"]
[SourceVersionDate "2024.11.01"]
[SourceQuality "2"]

1. e4 d6 2. d4 Nf6 3. Nc3 e5 4. Nf3 Nbd7 5. h3 c6 6. a4 Be7 7. Be3 0-0 8. Bc4 h6 9. 0-0 Re8 10. dxe5 dxe5 11. Qe2 Qc7 12. Rfd1 Nf8 13. a5 Bb4 14. Bd2 Bxa5 15. Rxa5 Qxa5 16. Nb5 Qd8 17. Bc3 Qe7 18. Nd6 Rd8 19. Nxf7 Rxd1+ 20. Qxd1 Be6 21. Bxe6 Qxe6 22. N3xe5 Nxe4 23. Bd4 c5 24. Be3 Ng6 25. Nxg6 Qxg6 26. Ne5 Qf6 27. Qd5+ Kh8 28. Qxe4 Rd8 29. g3 b6 30. Kg2 Kg8 31. Ng4 Qd6 32. Kh2 Rf8 33. Qc4+ Kh7 34. Bf4 Qg6 35. Ne5 Qf5 36. Nd3 Re8 37. Be3 g5 38. Qa4 Re7 39. Qc6 Rf7 40. Qd6 Rd7 41. Qc6 Re7 42. b3 Rf7 43. Qd6 Rd7 44. Qc6 Re7 45. Qa8 Qe6 46. Qf3 Rf7 47. Qh5 0-1

[Event "EU-ch Rapid"]
[Site "Skopje"]
[Date "2024.12.07"]
[Round "3"]
[White "Stojanovski, Dejan"]
[Black "Veljanoski, Andrej"]
[Result "1/2-1/2"]
[WhiteElo "2407"]
[BlackElo "2304"]
[PlyCount "50"]
[EventDate "2024.12.07"]
[EventType "swiss (rapid)"]
[EventRounds "11"]
[EventCountry "MKD"]
[SourceTitle "CB50_2024"]
[SourceDate "2024.11.01"]
[SourceVersion "1"]
[SourceVersionDate "2024.11.01"]
[SourceQuality "2"]

1. e4 e5 2. Nf3 Nc6 3. Bb5 a6 4. Bxc6 dxc6 5. Nc3 f6 6. d4 exd4 7. Nxd4 c5 8. Nde2 Qxd1+ 9. Nxd1 Bd7 10. Bf4 0-0-0 11. Ne3 Bc6 12. f3 h5 13. h4 Nh6 14. Kf2 Nf7 15. Rad1 g6 16. Rxd8+ Nxd8 17. Rd1 Ne6 18. Nd5 Bxd5 19. Rxd5 c4 20. Be3 Be7 21. Rd1 b5 22. Nf4 Nxf4 23. Bxf4 Rd8 24. Rxd8+ Kxd8 25. g4 Kd7 1/2-1/2

[Event "EU-ch Rapid"]
[Site "Skopje"]
[Date "2024.12.07"]
[Round "6"]
[White "Veljanoski, Andrej"]
[Black "Smeets, Jan"]
[Result "0-1"]
[WhiteElo "2304"]
[BlackElo "2552"]
[PlyCount "50"]
[EventDate "2024.12.07"]
[EventType "swiss (rapid)"]
[EventRounds "11"]
[EventCountry "MKD"]
[SourceTitle "CB50_2024"]
[SourceDate "2024.11.01"]
[SourceVersion "1"]
[SourceVersionDate "2024.11.01"]
[SourceQuality "2"]

1. e4 c6 2. d4 d5 3. e5 Bf5 4. Nf3 e6 5. Be2 Nd7 6. 0-0 Ne7 7. a4 Qc7 8. Nbd2 f6 9. Re1 fxe5 10. Nxe5 Nxe5 11. dxe5 0-0-0 12. Nf3 c5 13. a5 a6 14. b4 cxb4 15. Nd4 Nc6 16. Nxf5 exf5 17. Bf4 Bc5 18. Bd3 g6 19. g4 Kb8 20. gxf5 gxf5 21. Qh5 Rhg8+ 22. Kf1 Qg7 23. e6+ Ka7 24. Bg3 f4 25. Qxh7 fxg3 0-1

[Event "EU-Cup 39th"]
[Site "Vrnjacka Banja"]
[Date "2024.10.24"]
[Round "5.3"]
[White "Veljanoski, Andrej"]
[Black "Mustaps, Matiss"]
[Result "1/2-1/2"]
[WhiteElo "2308"]
[BlackElo "2377"]
[PlyCount "69"]
[EventDate "2024.10.20"]
[EventType "team-swiss"]
[EventRounds "7"]
[EventCountry "SRB"]
[SourceTitle "CB44_2024"]
[Source "Chessbase"]
[SourceDate "2024.10.30"]
[SourceVersion "1"]
[SourceVersionDate "2024.10.30"]
[SourceQuality "1"]
[WhiteTeam "Gambit Asseco See"]
[BlackTeam "Wasa"]
[WhiteTeamCountry "MKD"]
[BlackTeamCountry "SWE"]

1. e4 c5 2. Nf3 d6 3. d4 cxd4 4. Nxd4 Nf6 5. Nc3 g6 6. Be3 Bg7 7. f3 0-0 8. Qd2 Nc6 9. g4 Be6 10. 0-0-0 Nxd4 11. Bxd4 Qa5 12. Kb1 Rfc8 13. a3 Rab8 14. Nd5 Qxd2 15. Rxd2 Nxd5 16. Bxg7 Kxg7 17. exd5 Bd7 18. Rd4 b5 19. Bd3 Rb6 20. h4 a5 21. b4 axb4 22. axb4 Ra6 23. h5 Rca8 24. Kb2 Ra2+ 25. Kc3 R8a3+ 26. Kd2 Ra1 27. Rh2 Rb1 28. hxg6 hxg6 29. g5 Rg1 30. f4 Bg4 31. Be2 Bf5 32. Bd3 Bg4 33. Be2 Bf5 34. Bd3 Bg4 35. Be2 1/2-1/2

[Event "FRM-chT 32nd"]
[Site "Struga"]
[Date "2024.07.30"]
[Round "7.5"]
[White "Veljanoski, Andrej"]
[Black "Damceski, Marjan"]
[Result "1/2-1/2"]
[WhiteElo "2291"]
[BlackElo "2034"]
[PlyCount "157"]
[EventDate "2024.07.24"]
[EventType "team-tourn"]
[EventRounds "9"]
[EventCountry "MKD"]
[SourceTitle "EXT 2025"]
[Source "ChessBase"]
[SourceDate "2024.10.14"]
[SourceVersion "1"]
[SourceVersionDate "2024.10.14"]
[SourceQuality "1"]
[WhiteTeam "Skopje Gambit Asseko"]
[BlackTeam "Prilep Pelagon"]
[WhiteTeamCountry "MKD"]
[BlackTeamCountry "MKD"]

1. e4 c5 2. Nf3 Nc6 3. d4 cxd4 4. Nxd4 g6 5. c4 Nf6 6. Nc3 d6 7. Be2 Nxd4 8. Qxd4 Bg7 9. Be3 0-0 10. Qd3 a5 11. 0-0 a4 12. Rab1 Qa5 13. b4 axb3 14. axb3 Qb4 15. Na4 Nd7 16. Bd2 Qa3 17. Nc3 Nc5 18. Qc2 Na6 19. Nb5 Qc5 20. b4 Qb6 21. Be3 Qd8 22. Rfd1 Bd7 23. Nc3 Qe8 24. Qd2 Be6 25. c5 Rc8 26. Bxa6 bxa6 27. Nd5 Rc6 28. Qd3 Bc8 29. Bg5 f6 30. Nxe7+ Qxe7 31. Qd5+ Qf7 32. Qxc6 fxg5 33. cxd6 Qxf2+ 34. Kh1 Bg4 35. Re1 Kh8 36. Qd5 Bc3 37. Rg1 Qf6 38. h3 Be2 39. Rb3 Be5 40. Qd2 Bc4 41. Rf3 Qxd6 42. Rxf8+ Qxf8 43. Qxg5 Qf4 44. Qxf4 Bxf4 45. g3 Be5 46. Kg2 Bb5 47. Kf3 Kg7 48. g4 h6 49. Rc1 Kf6 50. h4 Bd6 51. Rc8 Bxb4 52. Rh8 Bd2 53. Rd8 Be1 54. Rd6+ Kf7 55. h5 gxh5 56. gxh5 Kg7 57. Rg6+ Kh7 58. e5 Bb4 59. Rb6 Be7 60. Kf4 Kg7 61. Rg6+ Kh7 62. Rb6 Bg5+ 63. Kf5 Kg7 64. Rb7+ Kf8 65. e6 Bd3+ 66. Ke5 Be2 67. Rg7 Be3 68. Rb7 Bxh5 69. Rb8+ Ke7 70. Rb7+ Kd8 71. Rb8+ Kc7 72. Ra8 Kb7 73. Rg8 Bg5 74. Kd6 a5 75. e7 a4 76. e8Q Bxe8 77. Rxe8 a3 78. Re2 Bc1 79. Ra2 1/2-1/2

[Event "FRM-chT 32nd"]
[Site "Struga"]
[Date "2024.07.29"]
[Round "6.6"]
[White "Veljanoski, Andrej"]
[Black "Lozanovski, Andrej"]
[Result "1-0"]
[WhiteElo "2291"]
[BlackElo "1753"]
[PlyCount "87"]
[EventDate "2024.07.24"]
[EventType "team-tourn"]
[EventRounds "9"]
[EventCountry "MKD"]
[SourceTitle "EXT 2025"]
[Source "ChessBase"]
[SourceDate "2024.10.14"]
[SourceVersion "1"]
[SourceVersionDate "2024.10.14"]
[SourceQuality "1"]
[WhiteTeam "Skopje Gambit Asseko"]
[BlackTeam "Bitola Shtajnic"]
[WhiteTeamCountry "MKD"]
[BlackTeamCountry "MKD"]

1. e4 c6 2. d4 d5 3. e5 Bf5 4. Nf3 e6 5. Be3 Nd7 6. Be2 Ne7 7. 0-0 h6 8. a4 Qc7 9. Nbd2 g5 10. Nb3 Bg7 11. a5 f6 12. h3 0-0-0 13. exf6 Bxf6 14. Ne5 Nxe5 15. dxe5 d4 16. exf6 dxe3 17. Qe1 Nd5 18. Nd4 Qe5 19. c3 c5 20. Nf3 exf2+ 21. Qxf2 Qe3 22. Bc4 Qxf2+ 23. Rxf2 Nxf6 24. b4 Be4 25. Ne5 Nd5 26. Re2 Bh7 27. Nf7 Nf4 28. Re3 Rhf8 29. Nxd8 Rxd8 30. Bxe6+ Kc7 31. Bb3 Bd3 32. Rae1 Rf8 33. Re7+ Kd8 34. Kh2 Ng6 35. Rf7 Rxf7 36. Bxf7 Nf4 37. Be6 Kc7 38. Bf5 c4 39. Re7+ Kc6 40. Bc8 b6 41. a6 Nd5 42. Rxa7 Nc7 43. Bb7+ Kd6 44. Bf3 1-0

[Event "FRM-chT 32nd"]
[Site "Struga"]
[Date "2024.07.24"]
[Round "1.5"]
[White "Veljanoski, Andrej"]
[Black "Stanojoski, Zvonko"]
[Result "0-1"]
[WhiteElo "2291"]
[BlackElo "2392"]
[PlyCount "116"]
[EventDate "2024.07.24"]
[EventType "team-tourn"]
[EventRounds "9"]
[EventCountry "MKD"]
[SourceTitle "EXT 2025"]
[Source "ChessBase"]
[SourceDate "2024.10.14"]
[SourceVersion "1"]
[SourceVersionDate "2024.10.14"]
[SourceQuality "1"]
[WhiteTeam "Skopje Gambit Asseko"]
[BlackTeam "Skopje Alkaloid"]
[WhiteTeamCountry "MKD"]
[BlackTeamCountry "MKD"]

1. e4 c5 2. Nf3 Nc6 3. d4 cxd4 4. Nxd4 g6 5. c4 Nf6 6. Nc3 d6 7. Be2 Nxd4 8. Qxd4 Bg7 9. Be3 0-0 10. Qd2 a5 11. 0-0 a4 12. Rab1 Qa5 13. b4 axb3 14. axb3 Qb4 15. Qc2 Bd7 16. f4 Bc6 17. Kh1 Rfc8 18. Bd4 b5 19. Qd3 bxc4 20. bxc4 Qa5 21. Bf3 Nh5 22. Bxh5 Bxd4 23. Qxd4 Qxh5 24. f5 Ra5 25. Nb5 Qg4 26. fxg6 hxg6 27. Nc3 Re5 28. h3 Qh4 29. Rbe1 f5 30. Qd2 Bxe4 31. Nxe4 Rxe4 32. Rxe4 Qxe4 33. Re1 Qh4 34. Qd5+ Kf8 35. Qe6 Rxc4 36. Re2 Rc1+ 37. Kh2 Qg5 38. Ra2 Kg7 39. Re2 Rc7 40. Qd5 Qf4+ 41. g3 Qg5 42. Qe6 Qf6 43. Qb3 Rc5 44. Kg2 Re5 45. Rc2 Qe6 46. Qb2 Kf7 47. h4 Qd5+ 48. Kh2 Re1 49. Rg2 Qd1 50. Qa2+ Kg7 51. Rf2 Qb1 52. Qd2 Rh1+ 53. Kg2 Qg1+ 54. Kf3 Qd1+ 55. Kg2 Rg1+ 56. Kh2 Qxd2 57. Rxd2 Ra1 58. Re2 Kf6 0-1

[Event "Belgrade Serbia op"]
[Site "Belgrade"]
[Date "2024.07.20"]
[Round "8"]
[White "Vasilkov, Nikolay"]
[Black "Veljanoski, Andrej"]
[Result "1/2-1/2"]
[WhiteElo "2066"]
[BlackElo "2291"]
[PlyCount "68"]
[EventDate "2024.07.12"]
[EventType "swiss"]
[EventRounds "9"]
[EventCountry "SRB"]
[SourceTitle "CBM 221 Extra"]
[Source "ChessBase"]
[SourceDate "2024.09.30"]
[SourceVersion "1"]
[SourceVersionDate "2024.09.30"]
[SourceQuality "1"]

1. e4 e5 2. Nf3 Nc6 3. Bb5 a6 4. Ba4 Nf6 5. 0-0 Be7 6. Re1 b5 7. Bb3 d6 8. a4 Rb8 9. axb5 axb5 10. c3 0-0 11. h3 Be6 12. d4 exd4 13. cxd4 Bxb3 14. Qxb3 d5 15. e5 Ne4 16. Nbd2 Nxd2 17. Bxd2 Qd7 18. Rec1 Nd8 19. Qc2 Ne6 20. Ra7 b4 21. Rca1 Rfc8 22. Qb3 Qd8 23. Be3 h6 24. Qa4 Qe8 25. Qb3 Qd8 26. Qa4 Qe8 27. Qb3 c6 28. Ne1 c5 29. dxc5 d4 30. Bd2 Nxc5 31. Qg3 Ne4 32. Qd3 Nc5 33. Qg3 Ne4 34. Qd3 Nc5 1/2-1/2

[Event "Belgrade Serbia op"]
[Site "Belgrade"]
[Date "2024.07.14"]
[Round "3"]
[White "Veljanoski, Andrej"]
[Black "Wang, Shixu B"]
[Result "0-1"]
[WhiteElo "2291"]
[BlackElo "2422"]
[PlyCount "100"]
[EventDate "2024.07.12"]
[EventType "swiss"]
[EventRounds "9"]
[EventCountry "SRB"]
[SourceTitle "CBM 221 Extra"]
[Source "ChessBase"]
[SourceDate "2024.09.30"]
[SourceVersion "1"]
[SourceVersionDate "2024.09.30"]
[SourceQuality "1"]

1. Nf3 d5 2. g3 Bg4 3. Bg2 c6 4. 0-0 e6 5. d4 Nd7 6. c4 Ngf6 7. h3 Bh5 8. cxd5 exd5 9. Qb3 Qb6 10. Qe3+ Be7 11. Nh4 Bg6 12. Nc3 Kf8 13. Nxg6+ hxg6 14. Qd3 Re8 15. a3 Kg8 16. b4 Kh7 17. b5 Bd6 18. Bd2 Qd8 19. bxc6 bxc6 20. Rfc1 Qe7 21. Bg5 Qe6 22. Bxf6 Nxf6 23. e3 Re7 24. Ne2 Rc8 25. Rc2 Rb7 26. Rac1 Rb6 27. h4 Kg8 28. a4 a5 29. Bf3 Qh3 30. Bg2 Qd7 31. e4 dxe4 32. Bxe4 Nxe4 33. Qxe4 Ba3 34. Rd1 c5 35. d5 Bb2 36. Nf4 Bd4 37. Ne2 Bf6 38. Rdc1 Bb2 39. Rb1 Rb4 40. Rc4 Bf6 41. Rcxb4 cxb4 42. Nf4 Qxa4 43. d6 Qc6 44. Qd3 Rd8 45. Rd1 a4 46. h5 gxh5 47. Nxh5 Bc3 48. d7 a3 49. Qe3 a2 50. Qe7 Rxd7 0-1

[Event "Belgrade Serbia op"]
[Site "Belgrade"]
[Date "2024.07.13"]
[Round "2"]
[White "Lupolov, Boris"]
[Black "Veljanoski, Andrej"]
[Result "0-1"]
[WhiteElo "2097"]
[BlackElo "2291"]
[PlyCount "48"]
[EventDate "2024.07.12"]
[EventType "swiss"]
[EventRounds "9"]
[EventCountry "SRB"]
[SourceTitle "CBM 221 Extra"]
[Source "ChessBase"]
[SourceDate "2024.09.30"]
[SourceVersion "1"]
[SourceVersionDate "2024.09.30"]
[SourceQuality "1"]

1. d4 d5 2. c4 e6 3. Nf3 Nf6 4. Nc3 c6 5. Bg5 h6 6. Bxf6 Qxf6 7. e3 g6 8. Bd3 Bg7 9. 0-0 0-0 10. e4 Qd8 11. e5 c5 12. dxc5 Nc6 13. Qe2 Qa5 14. cxd5 exd5 15. Nxd5 Bg4 16. Nf6+ Bxf6 17. exf6 Rfe8 18. Qd1 Rad8 19. h3 Bxf3 20. Qxf3 Qxc5 21. Rac1 Qg5 22. Bc4 Rd6 23. Rfe1 Re5 24. Rxe5 Qxc1+ 0-1

[Event "FRM-ch op"]
[Site "Skopje"]
[Date "2024.05.11"]
[Round "1"]
[White "Stefanoski, Daniel"]
[Black "Veljanoski, Andrej"]
[Result "0-1"]
[WhiteElo "1699"]
[BlackElo "2290"]
[PlyCount "36"]
[EventDate "2024.05.11"]
[EventType "swiss"]
[EventRounds "9"]
[EventCountry "MKD"]
[SourceTitle "CBM 220 Extra"]
[Source "ChessBase"]
[SourceDate "2024.07.31"]
[SourceVersion "1"]
[SourceVersionDate "2024.07.31"]
[SourceQuality "1"]

1. e4 e5 2. Nf3 Nc6 3. Bb5 a6 4. Ba4 Nf6 5. d3 b5 6. Bb3 Bc5 7. 0-0 d6 8. c3 0-0 9. Re1 Bb6 10. Nbd2 Be6 11. Nf1 Bxb3 12. Qxb3 d5 13. exd5 Nxd5 14. Ne3 Nf4 15. Rd1 Nxd3 16. Qc2 e4 17. Nd2 f5 18. b3 Qh4 0-1

[Event "Titled Tuesday intern op 02nd Jan Early"]
[Site "Chess.com INT"]
[Date "2024.01.02"]
[Round "3"]
[White "Veljanoski, Andrej"]
[Black "Bryakin, Mikhail"]
[Result "0-1"]
[WhiteElo "2290"]
[BlackElo "2494"]
[PlyCount "128"]
[EventDate "2024.01.02"]
[EventType "swiss (blitz)"]
[EventRounds "11"]
[EventCountry "USA"]
[SourceTitle "EXT 2025"]
[Source "ChessBase"]
[SourceDate "2024.10.14"]
[SourceVersion "1"]
[SourceVersionDate "2024.10.14"]
[SourceQuality "1"]

1. Nf3 Nf6 2. b3 d6 3. Bb2 Nbd7 4. g3 e5 5. d3 Be7 6. Bg2 0-0 7. 0-0 c6 8. c4 Qc7 9. Nc3 Re8 10. e4 Bf8 11. Re1 Nc5 12. b4 Ne6 13. d4 a5 14. b5 Bd7 15. Rc1 Rad8 16. bxc6 bxc6 17. d5 Nc5 18. dxc6 Bxc6 19. Nd5 Bxd5 20. cxd5 Nfd7 21. Qd2 Rb8 22. Nh4 g6 23. f4 Bg7 24. f5 Bf6 25. Nf3 Qb6 26. Ba3 Nd3+ 27. Kh1 Nf2+ 28. Kg1 Nxe4+ 29. Qe3 Qxe3+ 30. Rxe3 Nec5 31. fxg6 hxg6 32. Nd2 Bg5 33. Re2 Rec8 34. h4 Bh6 35. Rf1 Nb6 36. Bxc5 dxc5 37. Ne4 Nxd5 38. Nd6 Ne3 39. Nxc8 Rxc8 40. Rf6 Nxg2 41. Kxg2 c4 42. Ra6 c3 43. Rc2 Rc5 44. Kf3 Kg7 45. Ke4 f5+ 46. Kd3 Rd5+ 47. Kc4 Rd4+ 48. Kxc3 Rg4 49. Rxa5 e4 50. Ra7+ Kf6 51. Ra6+ Ke5 52. Ra5+ Kf6 53. Ra6+ Kf7 54. Rb2 Bg7+ 55. Kc2 Bxb2 56. Kxb2 Rxg3 57. a4 f4 58. Kc2 Rg2+ 59. Kd1 Ra2 60. Ra7+ Kf6 61. Ra8 e3 62. Ke1 Kf5 63. a5 Kg4 64. Rg8 Kf3 0-1